Języki urzędowe państw Ameryki Południowej - Statystyki

Ogólne statystyki
  • Ten quiz został rozwiązany 34 razy
  • Średni wynik to 4 z 40
Statystyki odpowiedzi
Państwo Język % Poprawnych
Argentyna Hiszpański
100%
Brazylia Portugalski
100%
Gujana Angielski
90%
Surinam Niderlandzki
67%
Boliwia Keczua
33%
Boliwia Guarani
23%
Boliwia Ajmara
7%
Boliwia Mojeño-ignaciano
3%
Boliwia Mojeño-trinitario
3%
Boliwia Tacana
3%
Boliwia Uru-chipaya
3%
Boliwia Yuracaré
3%
Boliwia Araona
0%
Boliwia Baure
0%
Boliwia Bésiro
0%
Boliwia Canichana
0%
Boliwia Cavineño
0%
Boliwia Cayubaba
0%
Boliwia Chácobo
0%
Boliwia Chimán
0%
Boliwia Ese ejja
0%
Boliwia Guarasu’we
0%
Boliwia Guarayu
0%
Boliwia Itonama
0%
Boliwia Leco
0%
Boliwia Machajuyai-kallawaya
0%
Boliwia Machineri
0%
Boliwia Maropa
0%
Boliwia Moré
0%
Boliwia Mosetén
0%
Boliwia Movima
0%
Boliwia Pacawara
0%
Boliwia Puquina
0%
Boliwia Sirionó
0%
Boliwia Tapiete
0%
Boliwia Toromona
0%
Boliwia Weenhayek
0%
Boliwia Yaminawa
0%
Boliwia Yuki
0%
Boliwia Zamuco
0%
Nie znaleziono quizów pasujących do podanych kryteriów
Rozkład punktacji
Procent ludzi z każdym wynikiem
Percentyl według liczby udzielonych odpowiedzi
Twoja historia wyników
Nie rozwiązałeś tego quizu